Postavenie Ruska v súčasných medzinárodných vzťahoch diplomová práca

Saved in:
Bibliographic Details
Main Author: Poloma, Tomáš
Corporate Author: Fakulta medzinárodných vzťahov EU. Katedra medzinárodných politických vzťahov
Other Authors: Chuguryan, Simona, 1977-
Format: Book
Language:Slovak
Published: Bratislava 2013
Tags: Add Tag
No Tags, Be the first to tag this record!

MARC

LEADER 00000nbm a2200000 4500
001 0170656
005 20161109102401.5
041 0 |a slo 
044 |a SK 
245 1 0 |a Postavenie Ruska v súčasných medzinárodných vzťahoch  |b diplomová práca  |c Tomáš Poloma ; školiteľ: Simona Chuguryan 
264 1 |a Bratislava  |c 2013 
300 |a 76 s. 
100 1 |a Poloma, Tomáš 
700 1 |a Chuguryan, Simona, 1977- 
710 2 |a Fakulta medzinárodných vzťahov EU. Katedra medzinárodných politických vzťahov